[Event "19. Open de la Constitución 2017"]
[Site "San Sebastian de los Reyes ES"]
[Date "2017.12.10"]
[Round "9.16"]
[White "Camarero Izquierdo, Juan Carlos"]
[Black "Gonzalez Berrendero, Carlos"]
[Result "1-0"]
[WhiteElo "1852"]
[BlackElo "1854"]
[PlyCount "107"]
[EventDate "2017.12.02"]
[EventType "swiss"]
[EventRounds "9"]
[EventCountry "ESP"]
[SourceTitle "Ajedrez en Madrid"]
[Source "lmi"]
[SourceDate "2017.12.02"]
[SourceVersion "1"]
[SourceVersionDate "2017.12.16"]
[SourceQuality "1"]

1. d4 Nf6 2. Nc3 d5 3. Bg5 Nbd7 4. f3 c6 5. Qd3 e5 6. e3 Be7 7. O-O-O O-O 8. h4
b5 9. g4 b4 10. Nb1 a5 11. Nh3 a4 12. Bxf6 Bxf6 13. Ng5 g6 14. f4 e4 15. Qd2 b3
16. cxb3 axb3 17. axb3 c5 18. h5 Bxg5 19. hxg6 fxg6 20. Qh2 Rf7 21. fxg5 Qxg5
22. Qd2 cxd4 23. Qxd4 Nf6 24. Be2 Be6 25. Na3 Rb7 26. b4 Nxg4 27. Bxg4 Bxg4 28.
Rdg1 h5 29. Kb1 Rab8 30. Nc2 Qf5 31. Rf1 Bf3 32. Rh4 Qe6 33. Rf4 Rf7 34. Rxf7
Qxf7 35. Qe5 Re8 36. Qg3 Qg7 37. Nd4 Bg4 38. Qd6 Re5 39. Rf6 Qe7 40. Rxg6+ Kf7
41. Qb6 Be6 42. Nc6 Qd6 43. Nd8+ Qxd8 44. Qxd8 Kxg6 45. b5 d4 46. Qxd4 Rxb5 47.
Kc1 Kf5 48. Qh8 Kg4 49. Qh6 Bc4 50. Qf4+ Kh3 51. Qxe4 Bd5 52. Qf5+ Kh4 53. Qf4+
Kh3 54. Qf1+ 1-0

[Event "19. Open de la Constitución 2017"]
[Site "San Sebastian de los Reyes ES"]
[Date "2017.12.10"]
[Round "9.17"]
[White "De Vicente Guijarro, Juan"]
[Black "Rivera Comino, Oscar"]
[Result "0-1"]
[WhiteElo "1879"]
[BlackElo "1707"]
[PlyCount "71"]
[EventDate "2017.12.02"]
[EventType "swiss"]
[EventRounds "9"]
[EventCountry "ESP"]
[SourceTitle "Ajedrez en Madrid"]
[Source "lmi"]
[SourceDate "2017.12.02"]
[SourceVersion "1"]
[SourceVersionDate "2017.12.16"]
[SourceQuality "1"]

1. e4 d5 2. exd5 Qxd5 3. Nc3 Qd6 4. d4 Nf6 5. Nf3 Bg4 6. Be2 g6 7. Be3 c6 8. h3
Bxf3 9. Bxf3 Nd5 10. Bxd5 cxd5 11. Qf3 e6 12. Qf6 Rg8 13. O-O Nd7 14. Qf3 a6
15. Rfe1 Be7 16. Ne2 f5 17. Nf4 Nf6 18. c4 g5 19. c5 Qd7 20. Nd3 g4 21. hxg4
fxg4 22. Qf4 Rf8 23. Ne5 Qc7 24. Qh6 O-O-O 25. Bg5 Kb8 26. Bxf6 Bxf6 27. b4
Bxe5 28. Rxe5 Qf7 29. Re2 Rde8 30. b5 axb5 31. a4 bxa4 32. Rxa4 Qf4 33. Rxe6
Qxf2+ 34. Kh2 g3+ 35. Kh3 Qf5+ 36. Kh4 0-1

[Event "19. Open de la Constitución 2017"]
[Site "San Sebastian de los Reyes ES"]
[Date "2017.12.10"]
[Round "9.18"]
[White "Fernandez Garcia, Ignacio"]
[Black "Garcia Minguez, Antonio"]
[Result "1-0"]
[WhiteElo "1861"]
[BlackElo "1520"]
[PlyCount "55"]
[EventDate "2017.12.02"]
[EventType "swiss"]
[EventRounds "9"]
[EventCountry "ESP"]
[SourceTitle "Ajedrez en Madrid"]
[Source "lmi"]
[SourceDate "2017.12.02"]
[SourceVersion "1"]
[SourceVersionDate "2017.12.16"]
[SourceQuality "1"]

1. e4 e6 2. d4 d5 3. e5 c5 4. c3 Nc6 5. Nf3 cxd4 6. cxd4 Nge7 7. Nc3 Nf5 8. Be3
Bb4 9. Bd3 O-O 10. O-O a6 11. Ne2 Be7 12. Rc1 Bd7 13. Nf4 Nxe3 14. fxe3 g6 15.
g3 Nb4 16. Bb1 Bb5 17. Rf2 Rc8 18. Rc3 Rxc3 19. bxc3 Nc6 20. h4 Na5 21. h5 Nc4
22. hxg6 fxg6 23. Nxe6 Qa5 24. Nxf8 Bxf8 25. Ng5 Bh6 26. Qf3 Be8 27. Ne6 Qxc3
28. Qf8+ 1-0

[Event "19. Open de la Constitución 2017"]
[Site "San Sebastian de los Reyes ES"]
[Date "2017.12.10"]
[Round "9.20"]
[White "Moreno Uribarri, Miguel"]
[Black "Minguela Muñoz, Bienvenido"]
[Result "0-1"]
[WhiteElo "1582"]
[BlackElo "1813"]
[PlyCount "56"]
[EventDate "2017.12.02"]
[EventType "swiss"]
[EventRounds "9"]
[EventCountry "ESP"]
[SourceTitle "Ajedrez en Madrid"]
[Source "lmi"]
[SourceDate "2017.12.02"]
[SourceVersion "1"]
[SourceVersionDate "2017.12.16"]
[SourceQuality "1"]

1. e4 c5 2. Nc3 Nc6 3. f4 d6 4. Nf3 a6 5. d4 cxd4 6. Nxd4 Nf6 7. Be2 Qb6 8. Nb3
e6 9. a3 Be7 10. Qd3 Qc7 11. Be3 b5 12. O-O Rb8 13. Bf3 b4 14. axb4 Nxb4 15.
Qd2 Bb7 16. Rad1 O-O 17. g4 d5 18. exd5 Bxd5 19. Nd4 Bxf3 20. Rxf3 Nxg4 21. Qg2
Nxe3 22. Rxe3 Bc5 23. Ne4 Bxd4 24. Rxd4 Qxf4 25. Re1 Nd5 26. c3 Qh4 27. Ng3 Qh6
28. Rf1 Ne3 0-1

[Event "19. Open de la Constitución 2017"]
[Site "San Sebastian de los Reyes ES"]
[Date "2017.12.10"]
[Round "9.21"]
[White "Nuevo Benitez, Miguel Angel"]
[Black "Perez Cameselle, Francisco Jose"]
[Result "0-1"]
[WhiteElo "1571"]
[BlackElo "1755"]
[PlyCount "54"]
[EventDate "2017.12.02"]
[EventType "swiss"]
[EventRounds "9"]
[EventCountry "ESP"]
[SourceTitle "Ajedrez en Madrid"]
[Source "lmi"]
[SourceDate "2017.12.02"]
[SourceVersion "1"]
[SourceVersionDate "2017.12.16"]
[SourceQuality "1"]

1. f4 Nf6 2. Nf3 g6 3. e3 b6 4. b3 Bg7 5. Bb2 O-O 6. Nc3 Bb7 7. d3 d6 8. e4
Nbd7 9. Qe2 e5 10. O-O-O exf4 11. g3 fxg3 12. hxg3 Re8 13. Qh2 h5 14. Bh3 a5
15. Rhg1 Ng4 16. Bxg4 hxg4 17. Nh4 Bd4 18. Rh1 Qf6 19. Rdf1 Qg7 20. Nd1 Bxb2+
21. Nxb2 a4 22. Nc4 axb3 23. axb3 Qc3 24. Nd2 Ra1+ 25. Nb1 Rea8 26. Kd1 Rxb1+
27. Ke2 Qxc2+ 0-1

[Event "19. Open de la Constitución 2017"]
[Site "San Sebastian de los Reyes ES"]
[Date "2017.12.10"]
[Round "9.22"]
[White "Lopez Orellana, Federico"]
[Black "Yaniz Lana, Francisco Javier"]
[Result "1-0"]
[WhiteElo "1727"]
[BlackElo "1570"]
[PlyCount "71"]
[EventDate "2017.12.02"]
[EventType "swiss"]
[EventRounds "9"]
[EventCountry "ESP"]
[SourceTitle "Ajedrez en Madrid"]
[Source "lmi"]
[SourceDate "2017.12.02"]
[SourceVersion "1"]
[SourceVersionDate "2017.12.16"]
[SourceQuality "1"]

1. d4 d5 2. Bf4 c6 3. e3 Bf5 4. c4 Nf6 5. Qb3 Qb6 6. c5 Qxb3 7. axb3 a6 8. Be2
e6 9. Nc3 Be7 10. h3 O-O 11. Nf3 Ne4 12. g4 Nxc3 13. bxc3 Be4 14. O-O h6 15. b4
Nd7 16. Ne5 Nxe5 17. Bxe5 Bg6 18. Ra2 f5 19. Bg3 fxg4 20. hxg4 Bf6 21. Rfa1
Rae8 22. Bd6 Rf7 23. f4 Be4 24. Rf1 Bh4 25. Bf3 Bd3 26. Be2 Bxe2 27. Rxe2 Bf6
28. e4 Be7 29. exd5 Bxd6 30. cxd6 cxd5 31. f5 Rc8 32. fxe6 Rxf1+ 33. Kxf1 Rf8+
34. Kg2 Rb8 35. d7 Kf8 36. e7+ 1-0

[Event "19. Open de la Constitución 2017"]
[Site "San Sebastian de los Reyes ES"]
[Date "2017.12.10"]
[Round "9.24"]
[White "Martinez Miura, Enrique"]
[Black "Karunanithi, Bharath"]
[Result "1/2-1/2"]
[WhiteElo "1643"]
[BlackElo "1550"]
[PlyCount "100"]
[EventDate "2017.12.02"]
[EventType "swiss"]
[EventRounds "9"]
[EventCountry "ESP"]
[SourceTitle "Ajedrez en Madrid"]
[Source "lmi"]
[SourceDate "2017.12.02"]
[SourceVersion "1"]
[SourceVersionDate "2017.12.16"]
[SourceQuality "1"]

1. e4 c5 2. c4 d6 3. Nc3 Nf6 4. g3 g6 5. Bg2 Bg7 6. Nge2 O-O 7. O-O Ne8 8. d4
cxd4 9. Nxd4 Nc6 10. Be3 Nxd4 11. Bxd4 Qc7 12. Bxg7 Nxg7 13. Qe2 e6 14. Rfd1
Bd7 15. Qd3 Rad8 16. b3 Bc6 17. Rac1 Qb8 18. Ne2 e5 19. Nc3 Ne6 20. b4 b6 21.
Bh3 Qa8 22. Bxe6 fxe6 23. b5 Bb7 24. Rd2 Rd7 25. Rcd1 Rf6 26. Qe3 Qf8 27. Kg2
Kh8 28. Rd3 Qd8 29. Na4 Qf8 30. R1d2 Qd8 31. c5 bxc5 32. Nxc5 Rdf7 33. Nxb7
Rxb7 34. Rxd6 Qe7 35. Qh6 Rf8 36. Rxe6 Qf7 37. Rxe5 Qf3+ 38. Kh3 Rbf7 39. Qe3
Qh1 40. f4 Qf1+ 41. Rg2 Qc4 42. Rd5 Qc8+ 43. g4 Rxf4 44. Qd4+ Kg8 45. Rd7 R4f6
46. Rxa7 Qc1 47. Qd5+ Kh8 48. Qd4 Kg8 49. Qd5+ Kh8 50. Qd4 Kg8 1/2-1/2

[Event "19. Open de la Constitución 2017"]
[Site "San Sebastian de los Reyes ES"]
[Date "2017.12.10"]
[Round "9.25"]
[White "Alfaya Martinez, Enrique"]
[Black "Fernandez Diaz, Ricardo"]
[Result "1/2-1/2"]
[WhiteElo "1613"]
[BlackElo "1493"]
[PlyCount "70"]
[EventDate "2017.12.02"]
[EventType "swiss"]
[EventRounds "9"]
[EventCountry "ESP"]
[SourceTitle "Ajedrez en Madrid"]
[Source "lmi"]
[SourceDate "2017.12.02"]
[SourceVersion "1"]
[SourceVersionDate "2017.12.16"]
[SourceQuality "1"]

1. d4 Nf6 2. Bf4 e6 3. e3 c5 4. c3 Nc6 5. Nd2 Be7 6. Bd3 O-O 7. Ngf3 b6 8. Ne4
d6 9. Nxf6+ Bxf6 10. Bc2 Ba6 11. h4 h6 12. Bg5 cxd4 13. exd4 Re8 14. Qd2 e5 15.
Bxf6 exd4+ 16. Kd1 Qxf6 17. Nxd4 Nxd4 18. Qxd4 Qxd4+ 19. cxd4 Re2 20. f4 Rae8
21. Rg1 Bb7 22. g3 Bf3 23. Kc1 Re1+ 24. Kd2 R8e2+ 25. Kc3 Rxa1 26. Rxa1 Bd5 27.
a3 Re3+ 28. Kb4 Rxg3 29. Re1 g6 30. Re8+ Kg7 31. Re7 Rg2 32. Kc3 a5 33. Rd7
Rg3+ 34. Kd2 Rg2+ 35. Kc3 Rg3+ 1/2-1/2

[Event "19. Open de la Constitución 2017"]
[Site "San Sebastian de los Reyes ES"]
[Date "2017.12.10"]
[Round "9.27"]
[White "Vallespin Morales, Antonio"]
[Black "Criado Jimenez, Jose"]
[Result "1-0"]
[WhiteElo "1388"]
[BlackElo "1615"]
[PlyCount "111"]
[EventDate "2017.12.02"]
[EventType "swiss"]
[EventRounds "9"]
[EventCountry "ESP"]
[SourceTitle "Ajedrez en Madrid"]
[Source "lmi"]
[SourceDate "2017.12.02"]
[SourceVersion "1"]
[SourceVersionDate "2017.12.16"]
[SourceQuality "1"]

1. e4 d6 2. d4 Nf6 3. Bd3 g6 4. h3 Bg7 5. Nf3 O-O 6. O-O Nbd7 7. Re1 c5 8. c3
a6 9. Be3 c4 10. Bc2 b5 11. Nbd2 Bb7 12. e5 dxe5 13. dxe5 Nd5 14. Bd4 Nf4 15.
Be4 Bxe4 16. Rxe4 Ne6 17. Qe1 Ndc5 18. Bxc5 Nxc5 19. Re2 Nd3 20. Qb1 Qd5 21. a4
Bxe5 22. axb5 axb5 23. Rxa8 Rxa8 24. Nf1 Bd6 25. Ne3 Qc5 26. b4 Qa7 27. Nd4 Qa1
28. Qxa1 Rxa1+ 29. Nf1 Nc1 30. Re1 Nb3 31. Rxa1 Nxa1 32. Nxb5 Bxb4 33. cxb4 Nc2
34. Nd2 Nxb4 35. Nxc4 f6 36. Ne3 Kf7 37. Nd4 e5 38. Nb5 Ke6 39. Nc7+ Kd7 40.
Nb5 Kc6 41. Nc3 f5 42. f3 Kc5 43. Kf2 Kd4 44. Nb5+ Kd3 45. Nd6 f4 46. Ng4 Kd4
47. Ne4 h5 48. Ngf6 Nc2 49. Nh7 Ne3 50. Nf8 Nd1+ 51. Kg1 g5 52. Nxg5 Nc3 53.
Nfe6+ Kd5 54. Ng7 h4 55. Nf5 e4 56. fxe4+ 1-0

[Event "19. Open de la Constitución 2017"]
[Site "San Sebastian de los Reyes ES"]
[Date "2017.12.10"]
[Round "9.28"]
[White "Gonzalez Morente, Jose A"]
[Black "Garcia Lopez, Fernando"]
[Result "0-1"]
[WhiteElo "1453"]
[BlackElo "1573"]
[PlyCount "136"]
[EventDate "2017.12.02"]
[EventType "swiss"]
[EventRounds "9"]
[EventCountry "ESP"]
[SourceTitle "Ajedrez en Madrid"]
[Source "lmi"]
[SourceDate "2017.12.02"]
[SourceVersion "1"]
[SourceVersionDate "2017.12.16"]
[SourceQuality "1"]

1. d4 Nf6 2. Bg5 h6 3. Bxf6 gxf6 4. e3 d5 5. Nd2 e5 6. g3 Nc6 7. Ne2 Bg4 8. c3
Qd7 9. f3 Be6 10. Qc2 O-O-O 11. O-O-O exd4 12. Nxd4 Nxd4 13. exd4 Qc6 14. Bd3
Bg7 15. Bf5 Qd7 16. Bd3 h5 17. f4 f5 18. Rde1 Kb8 19. Nb3 Bf8 20. Kb1 Bd6 21.
Na5 b6 22. Nb3 Qc8 23. Qe2 Qd7 24. Ba6 c6 25. Bd3 Rde8 26. Qc2 Qc8 27. Re2 Bd7
28. Rhe1 Rxe2 29. Rxe2 Be6 30. Re1 Rg8 31. Qe2 Rg4 32. Qf3 h4 33. Bc2 hxg3 34.
hxg3 Qg8 35. Rg1 Bxf4 36. Nc1 Bxg3 37. Bxf5 Bxf5+ 38. Qxf5 Rg6 39. Ne2 Bc7 40.
Rxg6 Qxg6 41. Qxg6 fxg6 42. Kc2 Kc8 43. Kd3 Kd7 44. Ke3 Ke6 45. Kf3 Kf5 46. b3
g5 47. c4 g4+ 48. Ke3 Kg5 49. Kf2 Kh4 50. Kg2 Bd6 51. a4 a5 52. cxd5 cxd5 53.
Nc3 Bc7 54. Nxd5 Bd8 55. Nf4 Bc7 56. Nd5 Bd8 57. Nf4 Bc7 58. Ne6 Bd6 59. d5 Kh5
60. Nd4 Kg6 61. Ne2 Kf6 62. Nc3 Ke5 63. Kf2 Kd4 64. Nb5+ Kxd5 65. Ke3 Kc5 66.
Nd4 Kb4 67. Kf2 Bc5 68. Ke3 g3 0-1

[Event "19. Open de la Constitución 2017"]
[Site "San Sebastian de los Reyes ES"]
[Date "2017.12.10"]
[Round "9.29"]
[White "Mehalingam, Karunanithi"]
[Black "Quintero Cuervo, Edgar"]
[Result "0-1"]
[WhiteElo "1490"]
[BlackElo "1566"]
[PlyCount "68"]
[EventDate "2017.12.02"]
[EventType "swiss"]
[EventRounds "9"]
[EventCountry "ESP"]
[SourceTitle "Ajedrez en Madrid"]
[Source "lmi"]
[SourceDate "2017.12.02"]
[SourceVersion "1"]
[SourceVersionDate "2017.12.16"]
[SourceQuality "1"]

1. d4 d5 2. c4 e6 3. e3 Nf6 4. Nc3 Nbd7 5. Bd2 Be7 6. cxd5 exd5 7. Bd3 O-O 8.
Nf3 c6 9. Qc2 Re8 10. h3 Nf8 11. g4 Bd7 12. Ne5 Bd6 13. f4 Bxe5 14. fxe5 Ne4
15. Bxe4 Qh4+ 16. Ke2 dxe4 17. Qxe4 f5 18. Qf4 fxg4 19. Be1 Qh5 20. Kd2 gxh3
21. Bf2 Ng6 22. Qg3 Rf8 23. Ne2 Rf3 24. Qh2 Raf8 25. Bg3 Nh4 26. Nf4 R3xf4 27.
Bxh4 Rxh4 28. Raf1 Rxf1 29. Rxf1 Rg4 30. Kc3 Be6 31. a3 g5 32. Rf6 Rg2 33. Qh1
Qe2 34. Qc1 Qc4# 0-1

[Event "19. Open de la Constitución 2017"]
[Site "San Sebastian de los Reyes ES"]
[Date "2017.12.10"]
[Round "9.30"]
[White "Perdiguero Herreros, Alejandro"]
[Black "Osuna Osuna, Francisco"]
[Result "1/2-1/2"]
[WhiteElo "1313"]
[BlackElo "1565"]
[PlyCount "114"]
[EventDate "2017.12.02"]
[EventType "swiss"]
[EventRounds "9"]
[EventCountry "ESP"]
[SourceTitle "Ajedrez en Madrid"]
[Source "lmi"]
[SourceDate "2017.12.02"]
[SourceVersion "1"]
[SourceVersionDate "2017.12.16"]
[SourceQuality "1"]

1. e4 d5 2. exd5 Qxd5 3. Nc3 Qa5 4. Nf3 Bg4 5. d3 Nc6 6. Be2 Qh5 7. h3 Nf6 8.
Be3 e6 9. a3 Bd6 10. Qd2 Bxf3 11. Bxf3 Qg6 12. O-O-O Nd7 13. g4 Nde5 14. Be4 f5
15. gxf5 exf5 16. Bxc6+ bxc6 17. Qe2 O-O 18. Rdg1 Qf6 19. Bg5 Qf7 20. f4 Ng6
21. Qf3 Kh8 22. h4 Bc5 23. Rg2 Bd4 24. Qxc6 Be3+ 25. Kb1 Nxf4 26. Rg3 Rae8 27.
Rf3 Ng2 28. Bxe3 Rxe3 29. Rxe3 Nxe3 30. Qc5 f4 31. Nd1 Nxd1 32. Rxd1 f3 33.
Qxa7 f2 34. Rf1 Qf3 35. Qc5 Kg8 36. Qc4+ Kh8 37. Qe4 Qxe4 38. dxe4 Rf4 39. e5
Kg8 40. Kc1 Kf7 41. Kd2 Ke6 42. Ke3 Kxe5 43. Rxf2 Rxh4 44. Rg2 g6 45. Kf2 Rd4
46. Kg1 Rd1+ 47. Kh2 Re1 48. b4 Ra1 49. Re2+ Kd6 50. Rd2+ Kc6 51. Rd3 Kb5 52.
Rc3 Ka4 53. Rxc7 Rxa3 54. Ra7+ Kxb4 55. Rxh7 Rc3 56. Rh4+ Kc5 57. Rg4 Rxc2+
1/2-1/2

[Event "19. Open de la Constitución 2017"]
[Site "San Sebastian de los Reyes ES"]
[Date "2017.12.10"]
[Round "9.32"]
[White "Duma, Mihaela"]
[Black "Aragon Lopez, Hiria"]
[Result "0-1"]
[WhiteElo "1008"]
[BlackElo "1488"]
[PlyCount "72"]
[EventDate "2017.12.02"]
[EventType "swiss"]
[EventRounds "9"]
[EventCountry "ESP"]
[SourceTitle "Ajedrez en Madrid"]
[Source "lmi"]
[SourceDate "2017.12.02"]
[SourceVersion "1"]
[SourceVersionDate "2017.12.16"]
[SourceQuality "1"]

1. e4 e6 2. Nc3 d5 3. Nf3 Nf6 4. Bd3 Bb4 5. e5 Nfd7 6. O-O f6 7. Re1 fxe5 8.
Nxe5 Nf6 9. Ne2 O-O 10. c3 Bd6 11. Ng3 c5 12. Bc2 Qc7 13. Nf3 Nc6 14. Kf1 Ng4
15. h3 Nh2+ 16. Nxh2 Rxf2+ 17. Kg1 Bxg3 18. Ng4 Rf8 19. Rf1 Bd7 20. a4 e5 21.
d3 Bxg4 22. hxg4 Rf7 23. Bd2 Raf8 24. Qe2 Qb6 25. b3 c4+ 26. Kh1 cxb3 27. Rab1
bxc2 28. Rbc1 Rxf1+ 29. Rxf1 Rxf1+ 30. Qxf1 Qb1 31. Kg1 Qxf1+ 32. Kxf1 Bf4 33.
Ke2 c1=Q 34. Bxc1 Bxc1 35. g3 Kf7 36. Kf3 Kf6 0-1

[Event "19. Open de la Constitución 2017"]
[Site "San Sebastian de los Reyes ES"]
[Date "2017.12.10"]
[Round "9.33"]
[White "Busto Alvarez, Francisco"]
[Black "Villodre Miranda, Juan Alonso"]
[Result "0-1"]
[WhiteElo "1200"]
[BlackElo "1552"]
[PlyCount "77"]
[EventDate "2017.12.02"]
[EventType "swiss"]
[EventRounds "9"]
[EventCountry "ESP"]
[SourceTitle "Ajedrez en Madrid"]
[Source "lmi"]
[SourceDate "2017.12.02"]
[SourceVersion "1"]
[SourceVersionDate "2017.12.16"]
[SourceQuality "1"]

1. e4 c5 2. d4 cxd4 3. c3 dxc3 4. Nxc3 e6 5. Nf3 Bb4 6. Bc4 Nc6 7. Bf4 d6 8.
O-O e5 9. Qd5 Be6 10. Qb5 Bxc4 11. Qxc4 Bxc3 12. Ng5 Nh6 13. Qxc3 exf4 14. Qxg7
Rg8 15. Qxh7 Qxg5 16. g3 Ke7 17. e5 Qg6 18. exd6+ Kxd6 19. Rad1+ Kc7 20. Qxg6
Rxg6 21. Rd3 Rd8 22. Rc3 fxg3 23. hxg3 Rd2 24. Rf3 Rxb2 25. a3 Rd6 26. g4 Rg6
27. Rc1 Rxg4+ 28. Kf1 Re4 29. Rf6 Re6 30. Rf4 Re7 31. a4 Kb6 32. Rh4 Re6 33.
Ra1 Rf6 34. f4 Rb4 35. Ke2 Rbxf4 36. Rb1+ Kc7 37. Rh5 Rxa4 38. Rhb5 b6 39. Rc1
0-1

[Event "19. Open de la Constitución 2017"]
[Site "San Sebastian de los Reyes ES"]
[Date "2017.12.10"]
[Round "9.34"]
[White "Rodriguez Municio, Carmen"]
[Black "Lozano Hernanz, Rodrigo"]
[Result "1-0"]
[WhiteElo "1213"]
[BlackElo "1242"]
[PlyCount "131"]
[EventDate "2017.12.02"]
[EventType "swiss"]
[EventRounds "9"]
[EventCountry "ESP"]
[SourceTitle "Ajedrez en Madrid"]
[Source "lmi"]
[SourceDate "2017.12.02"]
[SourceVersion "1"]
[SourceVersionDate "2017.12.16"]
[SourceQuality "1"]

1. e4 e5 2. Nf3 Nc6 3. Bb5 a6 4. Ba4 Be7 5. O-O b5 6. Bb3 Nf6 7. c3 d6 8. Re1
Bg4 9. d4 O-O 10. Bg5 h6 11. Bh4 Nd7 12. Bxe7 Qxe7 13. d5 Na5 14. Bc2 c5 15.
dxc6 Nxc6 16. Qd5 Rac8 17. Nbd2 Nb6 18. Qd3 Nc4 19. Nxc4 bxc4 20. Qxc4 Nd4 21.
Qd3 Nxf3+ 22. gxf3 Bh3 23. f4 Be6 24. fxe5 dxe5 25. Qxa6 Rc4 26. Bd3 Bg4 27. f3
Bh3 28. Qxc4 Qg5+ 29. Kf2 Qg2+ 30. Ke3 Qg5+ 31. Ke2 Qg2+ 32. Kd1 Qxf3+ 33. Be2
Rd8+ 34. Kc2 Qe3 35. Rad1 Rxd1 36. Rxd1 Be6 37. Qd3 Qf2 38. Rd2 Qxh2 39. Bg4
Qh4 40. Bxe6 fxe6 41. b4 Qe7 42. Qd7 Qh4 43. a4 Qxe4+ 44. Qd3 Qb7 45. Qb5 Qe4+
46. Kb3 Qb1+ 47. Rb2 Qd1+ 48. Kc4 Qg4+ 49. Kc5 e4 50. a5 Qg3 51. Qc4 Qe5+ 52.
Kc6 e3 53. a6 Qb8 54. Qxe6+ Kh7 55. Ra2 Qa7 56. Qd7 e2 57. Qd3+ Kg8 58. Qxe2
Qa8+ 59. Kb5 Qb8+ 60. Kc4 g5 61. a7 Qa8 62. Qe6+ Kf8 63. Rf2+ Kg7 64. Rf7+ Kh8
65. Qxh6+ Kg8 66. Qg7# 1-0